|
|
|
|
| LEADER |
00000cam a2200000 7i4500 |
| 001 |
0000014780 |
| 005 |
20080619.0 |
| 008 |
080306 |
| 020 |
|
|
|a 9832636221
|
| 090 |
0 |
0 |
|a 658.406
|b ESS
|
| 245 |
1 |
0 |
|a 983621415
|
| 245 |
1 |
0 |
|a Essays on Islamic management and organisational performance measurements
|c edited by Mokhtar Abdullah...[et al.].
|
| 260 |
|
|
|a Kuala Lumpur :
|b IIUM ,
|c 2003
|
| 650 |
|
0 |
|a Management
|x Religious aspects
|x Islam
|
| 650 |
|
0 |
|a Organizational change
|
| 650 |
|
0 |
|a Organizational effectiveness
|
| 700 |
0 |
|
|a Nik Mustapha Hj. Nik Hassan
|
| 999 |
|
|
|a 0001014859
|b Book
|c Adult Collection
|e Cawangan Urban Transformation Centre
|
| 999 |
|
|
|a 0001014860
|b Book
|c Adult Collection
|e Perbadanan Perpustakaan Awam Johor
|
| 999 |
|
|
|a 0001023121
|b Book
|c Adult Collection
|e Perbadanan Perpustakaan Awam Johor
|